000 03522na a2200781 4500
001 22361
003 MIRAKIL
005 20181213155239.0
008 170215b tu 000 0
035 _a16601
040 _aMilas
_btur
_cTR-AnCHP
041 _atur
082 _aCHP 330.9561
_bC36i 2009/4
090 _aCHP 330.9561 C36i 2009/4
110 _aCumhuriyet Halk Partisi (CHP)
_bBilim Yönetim ve Kültür Platformu (BYKP)
222 _aPlatform
245 _aİl raporları serisi
_cCHP Bilim, Yönetim ve Kültür Platformu
260 _aAnkara
_bCHP
_cNisan 2009
300 _ac.
_btbl.; grf.
_c30 sm.
440 _aCHP Bilim, Yönetim ve Kültür Platformu
490 _aİl raporları serisi
500 _aİller alfabetik olarak sıralıdır.
500 _aYerel numaradaki sayılar, raporların sunulduğu ayları temsil eder : Ocak -1 ; Şubat - 2 ; Mart - 3 ; Nisan - 4 ; Mayıs - 5; Haziran - 6 ; Temmuz - 7; Ağustos - 8; Eylül - 9; Ekim - 10; Kasım - 11 ; Aralık - 12.
500 _aCilt bilgisindeki rakamlar il plaklarını göstermektedir
505 _a(01)Adana ili raporu - (02) Adıyaman ili raporu - (68) Aksaray ili raporu - (06) Ankara ili raporu - (07) Antalya ili raporu - (09) Aydın ili raporu - (74) Bartın ili raporu-(15) Burdur ili raporu - (16) Bursa ili raporu - Denizli ili raporu -(21) Diyarbakır ili raporu -(22)Edirne ili raporu - (26)Eskişehir ili raporu - (27)Gaziantep ili raporu - (31)Hatay raporu - (34)İstanbul ili raporu - (35)İzmir ili raporu - (46) Kahramanmaraş ili raporu - (36)Kars ili raporu - (38)Kayseri ili raporu - (40)Kırşehir ili raporu - (39)Kırklareli ili raporu - (42) Konya ili raporu -(44)Malatya ili raporu - (45)Manisa ili raporu - (33) Mersin ili raporu - (48) Muğla ili raporu - (51) Niğde ili raporu - (55)Samsun raporu - (57)Sinop ili raporu - (59)Tekirdağ raporu - (64)Uşak ili raporu - (77)Yalova ili raporu - (67)Zonguldak raporu
610 _aCumhuriyet Halk Partisi (CHP)
_xRaporlar
_ySosyo ekonomik durum
_zTürkiye
610 _aCumhuriyet Halk Partisi (CHP)
_xİl raporları, 2009
_zTürkiye
651 _aTürkiye
_xSosyo ekonomik durum
_yRaporlar
657 _aCHP il raporu
657 _aCHP il raporları
740 _aKahramanmaraş ili raporu
740 _aİzmir ili raporu
740 _aİstanbul ili raporu
740 _aHatay ili raporu
740 _aGaziantep ili raporu
740 _aEskişehir ili raporu
740 _aEdirne ili raporu
740 _aDiyarbakır ili raporu
740 _aDenizli ili raporu
740 _aBursa ili raporu
740 _aBurdur ili raporu
740 _aAdana ili raporu
740 _aAdıyaman ili raporu
740 _aAksaray ili raporu
740 _aAnkara ili raporu
740 _aAntalya ili raporu
740 _aAydın ili raporu
740 _aBartın ili raporu
740 _aKars ili raporu
740 _aKayseri ili raporu
740 _aKırşehir ili raporu
740 _aKırklareli ili raporu
740 _aKonya ili raporu
740 _aMalatya ili raporu
740 _aManisa ili raporu
740 _aMersin ili raporu
740 _aMuğla ili raporu
740 _aNiğde ili raporu
740 _aSamsun raporu
740 _aSinop ili raporu
740 _aTekirdağ raporu
740 _aUşak ili raporu
740 _aYalova ili raporu
740 _aZonguldak raporu
830 _aCHP il raporları
942 _2ddc
_cBKS
999 _c9234
_d9234